| 000 | 00218nam a22000737a 4500 | ||
|---|---|---|---|
| 999 |
_c24687 _d24687 |
||
| 003 | Nust | ||
| 005 | 20170511152346.0 | ||
| 008 | 140619b xxu||||| |||| 00| 0 eng d | ||
| 020 |
_cAvailable _a9786969982002 |
||
| 040 |
_aDLC _bDLC _cRCMS |
||
| 082 | _a355.021 YAM | ||
| 100 |
_aTughral PhD,Yamin _9537 |
||
| 245 |
_aThe Evolution of Nuclear Deterrence in South Asian _cYamin ,Tughral PhD |
||
| 260 |
_aIslamabad _bThe Army Press _cc2014 |
||
| 300 |
_a272,p: _bill: _c22,cm |
||
| 538 | _iShelf No 13 Row No 2 | ||
| 650 |
_aThe Evolution of Nuclear _9449 |
||
| 856 | _3Table of Content Only | ||
| 942 |
_2ddc _cBK |
||